000 00603nam a2200193Ia 4500
008 100315s9999 xx 000 0 und d
040 _cENGLISH 
082 _b2450 
245 _aHANDBOOK OF PROCEDURES APRIL 1990-MARCH 1993: IMPORT-EXPORT PROMOTION
260 _c1990 
300 _a"X,319P  "
365 _eAus.Sch. 
_d
_b250.00 
366 _f
505 _gJaya Nikhade 
530 _b-  
630 _aHANDBOOK OF PROCEDURES APRIL 1990-MARCH 1993: IMPORT-EXPORT PROMOTION
730 _aHANDBOOK OF PROCEDURES APRIL 1990-MARCH 1993: IMPORT-EXPORT PROMOTION
942 _cBOOK
999 _c477185
_d477182